Hard brand logos - Statistics

General Stats
  • This quiz has been taken 283 times
  • The average score is 5 of 10
Answer Stats
Picture Answer % Correct
Target
96%
Champion
91%
BIC
85%
Bacardi
83%
Canva
83%
Johnson and Johnson
46%
Koenigsegg
33%
Kiwico
8%
Strawpoll
3%
Thames and Kosmos
3%
No matching quizzes found
Score Distribution
Percent of People with Each Score
Percentile by Number Answered
Your Score History
You have not taken this quiz